EU4 Flags Quiz - Statistics

General Stats
  • This quiz has been taken 1,915 times
  • The average score is 10 of 12
Answer Stats
Picture Answer % Correct
France
99%
Austria
97%
England
94%
Byzantium
92%
Castile
89%
Ethiopia
89%
Bohemia
85%
Burgundy
84%
Mamluks
81%
Brandenburg
80%
Japan
80%
Ayutthaya
64%
No matching quizzes found
Score Distribution
Percent of People with Each Score
Percentile by Number Answered
Your Score History
You have not taken this quiz